Nghiệp vụ ngân hàng quốc tế

Uloženo v:
Podrobná bibliografie
Hlavní autor: Lê Văn Tề
Médium: Kniha
Jazyk:Vietnamese
Vydáno: TKE 2000
Tagy: Přidat tag
Žádné tagy, Buďte první, kdo otaguje tento záznam!
Thư viện lưu trữ: Mạng thư viện Đại học Đà Nẵng
LEADER 00619nam a2200277 4500
001 000026686
003 748
005 20150325120000.0
008 150325s vm 000 vie
020 |c 32,0000 
040 |a NOTTS 
100 |a Lê Văn Tề 
245 |a Nghiệp vụ ngân hàng quốc tế 
260 |b TKE  |c 2000 
300 |a 454tr. ; 
OWN |a LTT 
999 |a From the UDN01 
TYP |a Monograph 
TYP |a Printed language 
980 |a Mạng thư viện Đại học Đà Nẵng